| 000 -LEADER |
| fixed length control field |
00903nam a2200229Ia 4500 |
| 001 - CONTROL NUMBER |
| control field |
12099 |
| 003 - CONTROL NUMBER IDENTIFIER |
| control field |
GE_BSU |
| 005 - DATE AND TIME OF LATEST TRANSACTION |
| control field |
20221118161104.0 |
| 008 - FIXED-LENGTH DATA ELEMENTS--GENERAL INFORMATION |
| fixed length control field |
181216s2013en xx |||||||||||||| ||eng|| |
| 020 ## - INTERNATIONAL STANDARD BOOK NUMBER |
| International Standard Book Number |
9780199764488x |
| 040 ## - CATALOGING SOURCE |
| Transcribing agency |
GE_BSU |
| 041 ## - LANGUAGE CODE |
| Language code of text/sound track or separate title |
eng |
| 080 ## - UNIVERSAL DECIMAL CLASSIFICATION NUMBER |
| Universal Decimal Classification number |
327 D-53 |
| 245 ## - TITLE STATEMENT |
| Title |
Diplomacy in a Globalizing World:Theories and Practices / |
| Statement of responsibility, etc. |
Edited by : Pauline Kerr, Geoffrey Wiseman |
| 264 ## - PRODUCTION, PUBLICATION, DISTRIBUTION, MANUFACTURE, AND COPYRIGHT NOTICE |
| Place of production, publication, distribution, manufacture |
New York : |
| Name of producer, publisher, distributor, manufacturer |
Oxford University Press, |
| Date of production, publication, distribution, manufacture, or copyright notice |
2013. |
| 300 ## - PHYSICAL DESCRIPTION |
| Extent |
406 p.: |
| Other physical details |
map. ill., |
| Dimensions |
23 cm. |
| 653 ## - INDEX TERM--UNCONTROLLED |
| keyword |
Diplomacy in a Globalizing World:Theories and Practices |
| 653 ## - INDEX TERM--UNCONTROLLED |
| keyword |
დიპლომატია გლობალიზაციის სამყაროში: თეორიები და პრაქტიკა |
| 700 ## - ADDED ENTRY--PERSONAL NAME |
| Personal name |
Kerr, Pauline |
| Relator term |
რედაქტორი |
| 9 (RLIN) |
15936 |
| 700 ## - ADDED ENTRY--PERSONAL NAME |
| Personal name |
Wiseman, Geoffrey |
| Relator term |
რედაქტორი |
| 9 (RLIN) |
15937 |
| 942 ## - ADDED ENTRY ELEMENTS (KOHA) |
| Koha item type |
წიგნი |
| Source of classification or shelving scheme |
|